[Event "Titled Tuesday intern op 25th Mar Early"]
[Site "Chess.com INT"]
[Date "2025.03.25"]
[Round "10"]
[White "Bolourchifard, Farzad"]
[Black "Martinez Fernandez, Adrian"]
[Result "1-0"]
[WhiteElo "2292"]
[BlackElo "2404"]
[PlyCount "85"]
[EventDate "2025.03.25"]
[EventType "swiss (blitz)"]
[EventRounds "11"]
[EventCountry "USA"]
[SourceTitle "CB14_2025"]
[SourceDate "2024.11.01"]
[SourceVersion "1"]
[SourceVersionDate "2024.11.01"]
[SourceQuality "1"]

1. d4 g6 2. e4 Bg7 3. Nc3 c5 4. d5 d6 5. Nf3 Bg4 6. h3 Bxf3 7. Qxf3 Nf6 8. Be2 0-0 9. 0-0 Na6 10. Bf4 Nd7 11. Qe3 Rb8 12. Bh6 Nc7 13. Bxg7 Kxg7 14. a4 b6 15. f4 a6 16. e5 b5 17. axb5 axb5 18. Ra7 b4 19. Ne4 Nxd5 20. Qd2 N7b6 21. exd6 exd6 22. f5 Qh4 23. Nxd6 Nf6 24. fxg6 hxg6 25. Rf4 Qg5 26. Nf5+ Kg8 27. Ne7+ Kg7 28. Qe3 Nbd5 29. Nxd5 Nxd5 30. Rfxf7+ Rxf7 31. Rxf7+ Kxf7 32. Qxg5 Nf6 33. Bc4+ Kg7 34. Bd3 Rb6 35. Qxg6+ Kf8 36. h4 Nd5 37. Qf5+ Nf6 38. g4 Ke7 39. g5 Ne8 40. Bc4 Nd6 41. Qe6+ Kd8 42. h5 Nxc4 43. Qxc4 1-0

[Event "Titled Tuesday intern op 11th Mar Late"]
[Site "Chess.com INT"]
[Date "2025.03.11"]
[Round "2"]
[White "Chan, Naruna"]
[Black "Martinez Fernandez, Adrian"]
[Result "0-1"]
[WhiteElo "1977"]
[BlackElo "2404"]
[PlyCount "86"]
[EventDate "2025.03.11"]
[EventType "swiss (blitz)"]
[EventRounds "11"]
[EventCountry "USA"]
[SourceTitle "CB12_2025"]
[SourceDate "2025.03.19"]
[SourceVersion "1"]
[SourceVersionDate "2025.03.19"]
[SourceQuality "1"]

1. e4 c6 2. d4 g6 3. Nc3 d5 4. e5 h5 5. Bd3 Nh6 6. Bxh6 Bxh6 7. Nge2 c5 8. dxc5 Nc6 9. f4 Bg4 10. 0-0 e6 11. Kh1 Qa5 12. Nb5 0-0 13. c3 Qd8 14. b4 b6 15. cxb6 Qxb6 16. a4 a5 17. Qe1 Bxe2 18. Bxe2 Rfc8 19. Qg3 Ne7 20. Nd6 Nf5 21. Nxf5 exf5 22. Bxh5 Rc4 23. Be2 Re4 24. Bd3 Re3 25. Qf2 d4 26. cxd4 Rxd3 27. Rfd1 Rxd1+ 28. Rxd1 axb4 29. Qh4 Bf8 30. d5 b3 31. e6 b2 32. exf7+ Kxf7 33. Qe1 Re8 34. Qf1 Rb8 35. Qc4 Bd6 36. Rb1 Qc5 37. Qf1 Qc2 38. h3 Rc8 39. Kh2 Qd2 40. Qe1 Qxe1 41. Rxe1 Bxf4+ 42. g3 Rc1 43. d6 Rxe1 0-1

[Event "Titled Tuesday intern op 13th Aug Late"]
[Site "Chess.com INT"]
[Date "2024.08.13"]
[Round "4"]
[White "Rogov, Matfey"]
[Black "Martinez Fernandez, Adrian"]
[Result "1-0"]
[WhiteElo "2188"]
[BlackElo "2404"]
[PlyCount "39"]
[EventDate "2024.08.13"]
[EventType "swiss (blitz)"]
[EventRounds "11"]
[EventCountry "USA"]
[SourceTitle "EXT 2025"]
[Source "ChessBase"]
[SourceDate "2024.10.14"]
[SourceVersion "1"]
[SourceVersionDate "2024.10.14"]
[SourceQuality "1"]

1. e4 c5 2. a3 a5 3. Nf3 Nc6 4. c3 d5 5. exd5 Qxd5 6. d4 Bg4 7. Be3 Bxf3 8. gxf3 cxd4 9. cxd4 Rd8 10. Nc3 Qh5 11. Qb3 Qxf3 12. Qxb7 Qxh1 13. 0-0-0 Rd7 14. Qc8+ Nd8 15. d5 Nf6 16. Bb5 Qxh2 17. Bb6 Qf4+ 18. Kb1 Qf5+ 19. Ka1 Qxf2 20. Qxd8# 1-0

[Event "Titled Tuesday intern op 30th Jul Late"]
[Site "Chess.com INT"]
[Date "2024.07.30"]
[Round "2"]
[White "Avila Bautista, Roberto Al"]
[Black "Martinez Fernandez, Adrian"]
[Result "0-1"]
[WhiteElo "2200"]
[BlackElo "2404"]
[PlyCount "154"]
[EventDate "2024.07.30"]
[EventType "swiss (blitz)"]
[EventRounds "11"]
[EventCountry "USA"]
[SourceTitle "EXT 2025"]
[Source "ChessBase"]
[SourceDate "2024.10.14"]
[SourceVersion "1"]
[SourceVersionDate "2024.10.14"]
[SourceQuality "1"]

1. Nf3 Nc6 2. c4 e5 3. Nc3 Bc5 4. g3 d6 5. Bg2 a6 6. e3 Ba7 7. d4 Bg4 8. dxe5 Nxe5 9. h3 Bxf3 10. Bxf3 Nxf3+ 11. Qxf3 c6 12. 0-0 Qf6 13. Qxf6 Nxf6 14. b3 0-0 15. Rd1 Rad8 16. Ba3 Bb8 17. Rd2 Rd7 18. Rad1 Rfd8 19. h4 h5 20. Bb2 d5 21. cxd5 Nxd5 22. Nxd5 Rxd5 23. Rxd5 Rxd5 24. Rxd5 cxd5 25. Kf1 Kf8 26. Ke2 g6 27. Kd3 Ke7 28. Kd4 Ke6 29. Ba3 Be5+ 30. Kd3 Kf5 31. Bc5 Kg4 32. Ke2 Bc3 33. Bd6 b5 34. f3+ Kh3 35. Bf4 Kg2 36. e4 d4 37. Bd6 Ba5 38. g4 Bd8 39. gxh5 gxh5 40. f4 Bxh4 41. Kd3 Bf2 42. f5 h4 43. e5 Bg3 44. Be7 h3 45. e6 fxe6 46. f6 h2 47. f7 h1Q 48. f8Q Qd1+ 49. Ke4 d3 50. Qg7 Qe2+ 51. Kd4 Qe5+ 52. Qxe5 Bxe5+ 53. Kxd3 Kf3 54. Bc5 Bb2 55. a4 e5 56. Kc2 Ba1 57. axb5 axb5 58. Kd3 e4+ 59. Kd2 Be5 60. Kc2 e3 61. Kd1 Ke4 62. Bb4 Kd3 63. Be1 Bc3 64. Bh4 e2+ 65. Kc1 e1Q+ 66. Bxe1 Bxe1 67. Kb2 Bb4 68. Ka2 Kc2 69. Ka1 Kxb3 70. Kb1 Ba5 71. Ka1 Bb6 72. Kb1 Ba7 73. Ka1 b4 74. Kb1 Ka3 75. Ka1 b3 76. Kb1 b2 77. Kc2 Ka2 0-1

[Event "Titled Tuesday intern op 30th Jul Late"]
[Site "Chess.com INT"]
[Date "2024.07.30"]
[Round "7"]
[White "Cardozo Munar, Carlos Eduardo"]
[Black "Martinez Fernandez, Adrian"]
[Result "0-1"]
[WhiteElo "2060"]
[BlackElo "2404"]
[PlyCount "122"]
[EventDate "2024.07.30"]
[EventType "swiss (blitz)"]
[EventRounds "11"]
[EventCountry "USA"]
[SourceTitle "EXT 2025"]
[Source "ChessBase"]
[SourceDate "2024.10.14"]
[SourceVersion "1"]
[SourceVersionDate "2024.10.14"]
[SourceQuality "1"]

1. d4 Nf6 2. Bg5 g6 3. Bxf6 exf6 4. g3 f5 5. Bg2 Bg7 6. e3 0-0 7. Ne2 d5 8. 0-0 c6 9. Nd2 Nd7 10. c4 Nf6 11. b4 Be6 12. Nf4 Qd7 13. a4 Rfd8 14. b5 g5 15. bxc6 bxc6 16. cxd5 cxd5 17. Nh5 Qe7 18. Nxg7 Kxg7 19. Nf3 Nd7 20. a5 f6 21. Rb1 Rab8 22. Qd3 h5 23. Rfc1 h4 24. Rc7 Rxb1+ 25. Qxb1 Qa3 26. Qb5 Qa1+ 27. Bf1 f4 28. gxf4 Bh3 29. fxg5 Rg8 30. Rxd7+ Bxd7 31. Qxd7+ Kh8 32. Qxd5 fxg5 33. Qe5+ Rg7 34. Kg2 h3+ 35. Kg3 Qxf1 36. Qe8+ Rg8 37. Qh5+ Kg7 38. Nxg5 Qg2+ 39. Kf4 Qxf2+ 40. Ke5 Qf6+ 41. Ke4 Qe7+ 42. Kd3 Qa3+ 43. Ke4 Qe7+ 44. Kd3 Kf8 45. Qh6+ Qg7 46. Qxg7+ Kxg7 47. Nxh3 Rh8 48. Nf4 Rxh2 49. Kc4 Rb2 50. Nd5 a6 51. Nc7 Rc2+ 52. Kd5 Rxc7 53. e4 Kf7 54. Kd6 Rc4 55. Kd5 Ra4 56. e5 Rxa5+ 57. Kd6 Ke8 58. d5 Ra1 59. e6 a5 60. Kc7 Rc1+ 61. Kd6 a4 0-1

[Event "Titled Tuesday intern op 30th Jul Late"]
[Site "Chess.com INT"]
[Date "2024.07.30"]
[Round "11"]
[White "Huseynova, Lala"]
[Black "Martinez Fernandez, Adrian"]
[Result "1-0"]
[WhiteElo "1972"]
[BlackElo "2404"]
[PlyCount "85"]
[EventDate "2024.07.30"]
[EventType "swiss (blitz)"]
[EventRounds "11"]
[EventCountry "USA"]
[SourceTitle "EXT 2025"]
[Source "ChessBase"]
[SourceDate "2024.10.14"]
[SourceVersion "1"]
[SourceVersionDate "2024.10.14"]
[SourceQuality "1"]

1. e4 c6 2. Nf3 g6 3. Nc3 Bg7 4. d4 d5 5. exd5 cxd5 6. Bf4 Nf6 7. Bd3 0-0 8. 0-0 Nc6 9. Ne5 Nxd4 10. Bxg6 hxg6 11. Qxd4 Nh5 12. Rfe1 Nxf4 13. Qxf4 Bf5 14. Rad1 e6 15. Re2 Qc7 16. g4 Bxe5 17. Rxe5 Bxg4 18. Rde1 Bf5 19. Rxf5 Qxf4 20. Rxf4 Rfc8 21. Kf1 a6 22. Ke2 Rab8 23. a4 Kg7 24. Kd2 Rh8 25. h4 Rh5 26. Rb4 Rf5 27. Re2 Kh6 28. Kd3 Kh5 29. Nd1 e5 30. Ne3 Rf3 31. Kd2 d4 32. Nd5 f6 33. Rb6 Rf8 34. Rxb7 Kxh4 35. Rh7+ Kg5 36. Ne7 Re8 37. Rg7 Kh5 38. b4 Ra3 39. b5 Rxa4 40. b6 Rb4 41. Nd5 Rb5 42. Nxf6+ Kh6 43. Nxe8 1-0

[Event "Titled Tuesday intern op 30th Jul Late"]
[Site "Chess.com INT"]
[Date "2024.07.30"]
[Round "9"]
[White "Martinez Fernandez, Adrian"]
[Black "Nigalidze, Gaioz"]
[Result "0-1"]
[WhiteElo "2404"]
[BlackElo "2360"]
[PlyCount "84"]
[EventDate "2024.07.30"]
[EventType "swiss (blitz)"]
[EventRounds "11"]
[EventCountry "USA"]
[SourceTitle "EXT 2025"]
[Source "ChessBase"]
[SourceDate "2024.10.14"]
[SourceVersion "1"]
[SourceVersionDate "2024.10.14"]
[SourceQuality "1"]

1. c4 e5 2. Nc3 d6 3. g3 f5 4. Bg2 Nf6 5. d4 e4 6. h4 Be7 7. Nh3 0-0 8. Nf4 c6 9. b3 a5 10. a3 Na6 11. Bb2 Qb6 12. 0-0 Qd8 13. e3 Nc7 14. Na4 Ra6 15. Qd2 h6 16. h5 Qe8 17. Qe2 Ne6 18. f3 Nxf4 19. exf4 Qxh5 20. Rae1 d5 21. c5 Re8 22. Nb6 Be6 23. Bc3 Bd8 24. Na4 Bf7 25. Qd2 Re6 26. Re3 Qg6 27. Kf2 Nh5 28. Rg1 Qxg3+ 29. Kf1 Qxf4 30. Ke1 Bg5 31. fxe4 Qxe3+ 32. Qxe3 Bxe3 33. Rh1 fxe4 34. Nb6 Nf4 35. Bf1 Nd3+ 36. Bxd3 exd3 37. Kd1 g5 38. Be1 g4 39. Rh4 h5 40. Bg3 Bxd4 41. b4 axb4 42. a4 Bxc5 0-1

[Event "Titled Tuesday intern op 30th Jul Late"]
[Site "Chess.com INT"]
[Date "2024.07.30"]
[Round "10"]
[White "Smieszek, Wojciech"]
[Black "Martinez Fernandez, Adrian"]
[Result "0-1"]
[WhiteElo "2092"]
[BlackElo "2404"]
[PlyCount "86"]
[EventDate "2024.07.30"]
[EventType "swiss (blitz)"]
[EventRounds "11"]
[EventCountry "USA"]
[SourceTitle "EXT 2025"]
[Source "ChessBase"]
[SourceDate "2024.10.14"]
[SourceVersion "1"]
[SourceVersionDate "2024.10.14"]
[SourceQuality "1"]

1. e4 c6 2. d4 g6 3. Nc3 Bg7 4. Be3 d5 5. e5 f6 6. exf6 exf6 7. Qd2 Ne7 8. 0-0-0 0-0 9. h4 Nf5 10. Bf4 h5 11. f3 c5 12. dxc5 d4 13. Bc4+ Kh7 14. g4 Ne7 15. gxh5 Nbc6 16. Ne4 gxh5 17. Nh3 Ng6 18. Bd3 Bxh3 19. Rxh3 f5 20. Ng5+ Kh8 21. Bd6 Nge5 22. f4 Ng4 23. Ne6 Qf6 24. Nxf8 Bxf8 25. Be5 Ncxe5 26. fxe5 Qxe5 27. Qg5 Bh6 28. Qxh6+ Nxh6 29. Rg1 Rg8 30. Rf1 Rg3 31. Rhh1 Re3 32. b3 Qxc5 33. Kb1 Qe5 34. Rhg1 Rg3 35. Rh1 a5 36. a4 f4 37. Re1 Re3 38. Rd1 Ng4 39. Rhf1 f3 40. Ka2 f2 41. Rd2 Qf4 42. Rh1 Re1 43. Bf1 Qxd2 0-1

[Event "Titled Tuesday intern op 16th Jul Late"]
[Site "Chess.com INT"]
[Date "2024.07.16"]
[Round "2"]
[White "Carroll, Thomas"]
[Black "Martinez Fernandez, Adrian"]
[Result "0-1"]
[WhiteElo "2111"]
[BlackElo "2404"]
[PlyCount "94"]
[EventDate "2024.07.16"]
[EventType "swiss (blitz)"]
[EventRounds "11"]
[EventCountry "USA"]
[SourceTitle "EXT 2025"]
[Source "ChessBase"]
[SourceDate "2024.10.14"]
[SourceVersion "1"]
[SourceVersionDate "2024.10.14"]
[SourceQuality "1"]

1. d4 d5 2. Nf3 Nc6 3. c4 Bg4 4. cxd5 Bxf3 5. gxf3 Qxd5 6. Nc3 Qxd4 7. Be3 Qxd1+ 8. Rxd1 e6 9. f4 Bb4 10. Bg2 Nge7 11. 0-0 a6 12. Na4 Rd8 13. a3 Rxd1 14. Rxd1 Bd6 15. Nc5 Bxc5 16. Bxc5 b6 17. Bxe7 Nxe7 18. b4 h5 19. h4 Rh6 20. Bf3 Rf6 21. e3 e5 22. Bxh5 exf4 23. exf4 Rxf4 24. Be2 a5 25. bxa5 bxa5 26. a4 Rxh4 27. Rc1 c6 28. Rc5 Rxa4 29. Kg2 Ra3 30. Bd1 Kd7 31. f3 Kd6 32. Rg5 g6 33. Rg4 Nf5 34. Rf4 Ne3+ 35. Kf2 Nxd1+ 36. Ke1 Ne3 37. Rxf7 Nd5 38. Rg7 Rxf3 39. Rxg6+ Kc5 40. Kd2 a4 41. Kc2 Rf2+ 42. Kd3 Kb6 43. Rg8 a3 44. Kc4 a2 45. Rb8+ Kc7 46. Ra8 Kb7 47. Rxa2 Rxa2 0-1

[Event "Titled Tuesday intern op 16th Jul Late"]
[Site "Chess.com INT"]
[Date "2024.07.16"]
[Round "9"]
[White "Garmendia Vega, Gabriel"]
[Black "Martinez Fernandez, Adrian"]
[Result "0-1"]
[WhiteElo "2019"]
[BlackElo "2404"]
[PlyCount "88"]
[EventDate "2024.07.16"]
[EventType "swiss (blitz)"]
[EventRounds "11"]
[EventCountry "USA"]
[SourceTitle "EXT 2025"]
[Source "ChessBase"]
[SourceDate "2024.10.14"]
[SourceVersion "1"]
[SourceVersionDate "2024.10.14"]
[SourceQuality "1"]

1. d4 d5 2. Bf4 Nc6 3. e3 e6 4. Nf3 Bd6 5. c3 Nge7 6. Nbd2 Ng6 7. Bg3 0-0 8. Bd3 Re8 9. 0-0 e5 10. dxe5 Ncxe5 11. Nxe5 Bxe5 12. Bxg6 hxg6 13. Bxe5 Rxe5 14. Nf3 Rh5 15. Qd4 c6 16. Rad1 Qc7 17. h3 Bf5 18. g4 Rxh3 19. Kg2 Be4 20. Kxh3 Bxf3 21. Rde1 g5 22. Rg1 Re8 23. Rg3 Re4 24. Qd2 f5 25. Rxf3 fxg4+ 26. Kg2 gxf3+ 27. Kxf3 Qf7+ 28. Ke2 Qh5+ 29. Kd3 Qg6 30. Ke2 g4 31. Rg1 Qf5 32. Rg3 Re6 33. Qd3 Re4 34. Qd1 Qh5 35. Qg1 Qf5 36. Kd2 Ra4 37. a3 a5 38. f3 Kf7 39. Rxg4 Rxg4 40. Qxg4 Qxg4 41. fxg4 Kf6 42. Ke2 Ke5 43. Kf3 a4 44. g5 g6 0-1

[Event "Titled Tuesday intern op 16th Jul Late"]
[Site "Chess.com INT"]
[Date "2024.07.16"]
[Round "3"]
[White "Martinez Fernandez, Adrian"]
[Black "Cardozo Munar, Carlos Eduardo"]
[Result "1-0"]
[WhiteElo "2404"]
[BlackElo "2060"]
[PlyCount "115"]
[EventDate "2024.07.16"]
[EventType "swiss (blitz)"]
[EventRounds "11"]
[EventCountry "USA"]
[SourceTitle "EXT 2025"]
[Source "ChessBase"]
[SourceDate "2024.10.14"]
[SourceVersion "1"]
[SourceVersionDate "2024.10.14"]
[SourceQuality "1"]

1. c4 e6 2. Nc3 d5 3. d4 a6 4. cxd5 exd5 5. Bf4 c6 6. e3 Bd6 7. Bg3 Ne7 8. Bd3 Bf5 9. Nf3 Bxd3 10. Qxd3 Bxg3 11. hxg3 Nd7 12. Rxh7 Rg8 13. 0-0-0 Qa5 14. Ng5 Nf6 15. Rh4 b5 16. Kb1 b4 17. Ne2 Qb5 18. Qxb5 axb5 19. Nc1 Ng6 20. Rh3 Nd7 21. Nd3 f6 22. Ne6 Ke7 23. Nef4 Nxf4 24. gxf4 b3 25. axb3 g5 26. Rh7+ Kd6 27. fxg5 Rxg5 28. g3 Nf8 29. Rh6 Nd7 30. Ne5 Nxe5 31. Rxf6+ Kd7 32. dxe5 Rxe5 33. Rc1 Rc8 34. Kc2 c5 35. Kd3 Ke7 36. Rb6 b4 37. Rxb4 Rf5 38. Rf4 Rxf4 39. gxf4 Kd6 40. Rh1 c4+ 41. bxc4 Rxc4 42. Rh6+ Kc5 43. Rh5 Rb4 44. Kc3 Rc4+ 45. Kd3 Rb4 46. f5 Rxb2 47. f4 Rb3+ 48. Ke2 Rb2+ 49. Kf3 Rb3 50. f6 Kc4 51. f7 Rb8 52. Re5 Rf8 53. Re7 Kc5 54. f5 Kd6 55. f6 Kc6 56. Kf4 Kd6 57. Kf5 Kc6 58. Ke6 1-0

[Event "Titled Tuesday intern op 16th Jul Late"]
[Site "Chess.com INT"]
[Date "2024.07.16"]
[Round "4"]
[White "Martinez Fernandez, Adrian"]
[Black "Kushko, Dmitriy"]
[Result "0-1"]
[WhiteElo "2404"]
[BlackElo "2444"]
[PlyCount "126"]
[EventDate "2024.07.16"]
[EventType "swiss (blitz)"]
[EventRounds "11"]
[EventCountry "USA"]
[SourceTitle "EXT 2025"]
[Source "ChessBase"]
[SourceDate "2024.10.14"]
[SourceVersion "1"]
[SourceVersionDate "2024.10.14"]
[SourceQuality "1"]

1. c4 e6 2. Nc3 d5 3. d4 Nf6 4. cxd5 Nxd5 5. e4 Nxc3 6. bxc3 c5 7. Nf3 cxd4 8. cxd4 Bb4+ 9. Bd2 Bxd2+ 10. Qxd2 0-0 11. h4 b6 12. h5 Bb7 13. Bd3 h6 14. Rd1 Nc6 15. Bb1 Qd6 16. 0-0 Ne7 17. Qd3 Qf4 18. g3 Qg4 19. Kg2 f5 20. Ne5 Qxh5 21. Rh1 Bxe4+ 22. Qxe4 Qxh1+ 23. Rxh1 fxe4 24. Bxe4 Rad8 25. Rd1 Rd6 26. Nc4 Rd7 27. Ne5 Rc7 28. Rd2 Rd8 29. Bc2 g5 30. Bb3 Nd5 31. Re2 Kg7 32. Ng4 Rd6 33. Ne5 b5 34. Re1 Nf6 35. Nf3 g4 36. Nh4 Kf7 37. Nf5 Rb6 38. Re5 h5 39. Nh4 a5 40. d5 exd5 41. Bxd5+ Nxd5 42. Rxd5 Rc2 43. Rxh5 Rxa2 44. Rh7+ Kg8 45. Ra7 b4 46. Nf5 Rf6 47. Ra8+ Kf7 48. Ra7+ Ke6 49. Ng7+ Kd5 50. Re7 Rfxf2+ 51. Kg1 Rfe2 52. Rd7+ Kc6 53. Rd1 b3 54. Nf5 Rec2 55. Nd4+ Kc5 56. Nxb3+ Kb4 57. Nd4 Rd2 58. Rb1+ Rab2 59. Rxb2+ Rxb2 60. Nc6+ Kb5 61. Nd4+ Kc4 62. Nf5 Kd3 63. Ne3 Kxe3 0-1

[Event "Titled Tuesday intern op 04th Jun Early"]
[Site "Chess.com INT"]
[Date "2024.06.04"]
[Round "10"]
[White "Herpai, Jozsef Matyas"]
[Black "Martinez Fernandez, Adrian"]
[Result "0-1"]
[WhiteElo "2011"]
[BlackElo "2404"]
[PlyCount "61"]
[EventDate "2024.06.04"]
[EventType "swiss (blitz)"]
[EventRounds "11"]
[EventCountry "USA"]
[SourceTitle "EXT 2025"]
[Source "ChessBase"]
[SourceDate "2024.10.14"]
[SourceVersion "1"]
[SourceVersionDate "2024.10.14"]
[SourceQuality "1"]

1. e4 e6 2. d4 d5 3. exd5 exd5 4. Nf3 Nc6 5. Bd3 Nb4 6. Be2 Bf5 7. Na3 a6 8. 0-0 Nc6 9. Re1 Be7 10. Bd3 Bxd3 11. Qxd3 Nf6 12. c3 0-0 13. Nc2 h6 14. Bf4 Bd6 15. Bxd6 Qxd6 16. Ne5 Rae8 17. Nxc6 Qxc6 18. Ne3 Re4 19. Ng4 Rxe1+ 20. Rxe1 Nxg4 21. Qf5 Re8 22. Rd1 Qe6 23. Qxe6 Rxe6 24. f3 Ne3 25. Rd2 Nc4 26. Rc2 Re1+ 27. Kf2 Rb1 28. b3 Nd6 29. Re2 Kf8 30. Kg3 Rc1 31. Re3 0-1

[Event "Titled Tuesday intern op 04th Jun Early"]
[Site "Chess.com INT"]
[Date "2024.06.04"]
[Round "6"]
[White "Martinez Fernandez, Adrian"]
[Black "Nikulina, Alena"]
[Result "1-0"]
[WhiteElo "2404"]
[BlackElo "1906"]
[PlyCount "113"]
[EventDate "2024.06.04"]
[EventType "swiss (blitz)"]
[EventRounds "11"]
[EventCountry "USA"]
[SourceTitle "EXT 2025"]
[Source "ChessBase"]
[SourceDate "2024.10.14"]
[SourceVersion "1"]
[SourceVersionDate "2024.10.14"]
[SourceQuality "1"]

1. e4 c5 2. Nc3 e6 3. f4 d5 4. Nf3 d4 5. Ne2 Nf6 6. Ng3 Nc6 7. a4 Qc7 8. e5 Nd5 9. d3 b6 10. Ne4 Bb7 11. g3 Be7 12. Bg2 0-0-0 13. 0-0 h5 14. c3 dxc3 15. bxc3 f6 16. a5 b5 17. a6 Ba8 18. Qb3 Qb6 19. Qb2 h4 20. Nxh4 fxe5 21. Ng6 c4+ 22. Kh1 cxd3 23. Nxh8 Rxh8 24. Ng5 exf4 25. Bxf4 Nxf4 26. gxf4 e5 27. Nf7 Rh4 28. Qf2 Qc7 29. fxe5 g5 30. Nd6+ Kb8 31. Rad1 Bxd6 32. exd6 Qxd6 33. Qf8+ Qxf8 34. Rxf8+ Kc7 35. Rxd3 Ne5 36. Rxa8 Nxd3 37. Rxa7+ Kb6 38. Ra8 b4 39. cxb4 Nf2+ 40. Kg1 Nd3 41. b5 Nc5 42. a7 Nb7 43. Rb8 Kxa7 44. Rxb7+ Ka8 45. Rh7+ Kb8 46. Rxh4 gxh4 47. b6 h3 48. Bc6 Kc8 49. Kf2 Kb8 50. Ke3 Kc8 51. Kd4 Kb8 52. Kc5 Kc8 53. Kb5 Kb8 54. Ka6 Kc8 55. Ka7 Kd8 56. b7 Ke7 57. Bf3 1-0

[Event "Titled Tuesday intern op 04th Jun Early"]
[Site "Chess.com INT"]
[Date "2024.06.04"]
[Round "7"]
[White "Osmonbekov, Talaibek D"]
[Black "Martinez Fernandez, Adrian"]
[Result "0-1"]
[WhiteElo "2108"]
[BlackElo "2404"]
[PlyCount "60"]
[EventDate "2024.06.04"]
[EventType "swiss (blitz)"]
[EventRounds "11"]
[EventCountry "USA"]
[SourceTitle "EXT 2025"]
[Source "ChessBase"]
[SourceDate "2024.10.14"]
[SourceVersion "1"]
[SourceVersionDate "2024.10.14"]
[SourceQuality "1"]

1. d4 Nf6 2. Nc3 e6 3. Bf4 c5 4. e3 a6 5. Nf3 b5 6. dxc5 Bxc5 7. Bd3 Bb7 8. 0-0 0-0 9. e4 d6 10. a3 Qe7 11. Qe2 Nbd7 12. Rad1 h6 13. h3 Rfd8 14. Rd2 Rac8 15. Nd1 Nf8 16. c3 Ng6 17. Bh2 Ba8 18. Bb1 Qa7 19. Re1 e5 20. Bg3 Nh5 21. Bh2 Nhf4 22. Qf1 a5 23. Kh1 b4 24. axb4 axb4 25. Ne3 bxc3 26. bxc3 Rb8 27. Nf5 Rb3 28. Qc4 Qb6 29. Bc2 Rb2 30. Bg3 Bb7 0-1

[Event "Titled Tuesday intern op 26th Mar Late"]
[Site "Chess.com INT"]
[Date "2024.03.26"]
[Round "2"]
[White "Bacrot, Etienne"]
[Black "Martinez Fernandez, Adrian"]
[Result "1-0"]
[WhiteElo "2680"]
[BlackElo "2404"]
[PlyCount "65"]
[EventDate "2024.03.26"]
[EventType "swiss (blitz)"]
[EventRounds "11"]
[EventCountry "USA"]
[SourceTitle "EXT 2025"]
[Source "ChessBase"]
[SourceDate "2024.10.14"]
[SourceVersion "1"]
[SourceVersionDate "2024.10.14"]
[SourceQuality "1"]

1. e4 c5 2. Nf3 e6 3. c3 Nf6 4. e5 Nd5 5. a3 d6 6. d4 cxd4 7. c4 Ne7 8. exd6 Nf5 9. c5 Nc6 10. b4 h6 11. Nbd2 g5 12. g4 Nxd6 13. cxd6 Bxd6 14. Bg2 0-0 15. Bb2 Bf4 16. 0-0 e5 17. h3 Qf6 18. Re1 Qh8 19. b5 h5 20. bxc6 hxg4 21. cxb7 Bxb7 22. hxg4 Rab8 23. Rb1 Rfe8 24. Ne4 f6 25. Ba1 Kg7 26. Nd6 Re7 27. Nf5+ Kf7 28. Nxe7 Kxe7 29. Bxd4 Bxf3 30. Bc5+ Kf7 31. Qxf3 Qh2+ 32. Kf1 Rxb1 33. Rxb1 1-0

[Event "Titled Tuesday intern op 12th Mar Early"]
[Site "Chess.com INT"]
[Date "2024.03.12"]
[Round "2"]
[White "Martinez Fernandez, Adrian"]
[Black "Cueto, Jose"]
[Result "0-1"]
[WhiteElo "2404"]
[BlackElo "2099"]
[PlyCount "54"]
[EventDate "2024.03.12"]
[EventType "swiss (blitz)"]
[EventRounds "11"]
[EventCountry "USA"]
[SourceTitle "CBM 219 Extra"]
[Source "ChessBase"]
[SourceDate "2024.05.31"]
[SourceVersion "1"]
[SourceVersionDate "2024.05.31"]
[SourceQuality "1"]

1. e4 e6 2. Nf3 d5 3. d3 Nf6 4. Nbd2 Nc6 5. g3 dxe4 6. dxe4 e5 7. Bg2 Bc5 8. 0-0 0-0 9. c3 a5 10. Qc2 b6 11. Rd1 Ng4 12. Nf1 Bxf2+ 13. Kh1 Qe8 14. h3 f5 15. hxg4 fxg4 16. N3h2 Ba6 17. Be3 Bxf1 18. Bxf2 Bxg2+ 19. Kxg2 Qh5 20. Rh1 Rf6 21. Qb3+ Kh8 22. Raf1 Raf8 23. Qc4 Qh3+ 24. Kg1 Rxf2 25. Rxf2 Qxg3+ 26. Rg2 Qe3+ 27. Rf2 Qxf2# 0-1

[Event "Titled Tuesday intern op 05th Mar Early"]
[Site "Chess.com INT"]
[Date "2024.03.05"]
[Round "6"]
[White "Acikel, Mert"]
[Black "Martinez Fernandez, Adrian"]
[Result "0-1"]
[WhiteElo "2244"]
[BlackElo "2404"]
[PlyCount "166"]
[EventDate "2024.03.05"]
[EventType "swiss (blitz)"]
[EventRounds "11"]
[EventCountry "USA"]
[SourceTitle "EXT 2025"]
[Source "ChessBase"]
[SourceDate "2024.10.14"]
[SourceVersion "1"]
[SourceVersionDate "2024.10.14"]
[SourceQuality "1"]

1. e4 e6 2. d4 d5 3. Nc3 dxe4 4. Nxe4 Nf6 5. Nxf6+ Qxf6 6. Nf3 h6 7. Bd3 c5 8. Be3 Nd7 9. 0-0 Be7 10. Re1 0-0 11. c3 b6 12. Be4 Rb8 13. Qd2 Bb7 14. Bxb7 Rxb7 15. Rad1 Rd8 16. Qe2 Rbb8 17. h3 Qf5 18. c4 Bf6 19. d5 e5 20. Bc1 Re8 21. Nd2 Bg5 22. Ne4 Qg6 23. Bxg5 hxg5 24. Qd2 g4 25. hxg4 Qxg4 26. a4 Nf8 27. g3 Ng6 28. Qg5 Qxg5 29. Nxg5 Rbd8 30. d6 f6 31. Ne4 Kf7 32. Nc3 Rd7 33. a5 Red8 34. axb6 axb6 35. Nb5 Nh8 36. Ra1 Kg6 37. Ra6 Nf7 38. Rxb6 Nxd6 39. Nxd6 Rxd6 40. Rb7 Rd2 41. Re4 Kf5 42. Re3 Kg6 43. Rb5 Rc2 44. b3 Rdd2 45. Rf3 e4 46. Rf4 e3 47. fxe3 Rg2+ 48. Kf1 Rxg3 49. Rxc5 Rxe3 50. Rf2 Rxf2+ 51. Kxf2 Rxb3 52. Rc7 f5 53. c5 Kf6 54. c6 g5 55. Rb7 Rc3 56. c7 g4 57. Ra7 Kg5 58. Kg2 Rc2+ 59. Kg1 g3 60. Ra3 f4 61. Ra7 Kg4 62. Kf1 Rc1+ 63. Ke2 g2 64. c8Q+ Rxc8 65. Rg7+ Kf5 66. Rxg2 Rc2+ 67. Kf1 Rc1+ 68. Ke2 Ke4 69. Rg8 Rc2+ 70. Kf1 Kf3 71. Ke1 Rc1+ 72. Kd2 Rh1 73. Rf8 Kg3 74. Ke2 Rh2+ 75. Kf1 Ra2 76. Rb8 Ra1+ 77. Ke2 f3+ 78. Ke3 Re1+ 79. Kd2 f2 80. Rg8+ Kh4 81. Rh8+ Kg5 82. Rg8+ Kh6 83. Rh8+ Kg7 0-1